000 00782nam a2200253Ia 4500
003 OSt
005 20220918220834.0
006 a|||||r|||| 00| 0
007 ta
008 220917b |||||||| |||| 00| 0 eng d
024 _a147,201
037 _cTextual
040 _aARTS
_cARTS
_beng
041 _2eng
_aeng
082 _aY31-76:(L9F:3:6), M2
100 _aSargent Carolyn Fishel
_9138384
245 0 _aCultural context of therapeutic choice
_b Obstertical care decisions among the Bariba of Benin
260 _aLondon
_bD Reidel Publishing
_c1982
300 _axii, 192p.
_ccm.
490 _aCutlural illness and healing; 3
650 _aSOCIOLOGY
942 _hY31-76:(L9F:3:6), M2
_cTEXL
_2CC
999 _c269955
_d269955